000 00588nam a22001937a 4500
999 _c171124
_d171124
005 20200107105814.0
010 _aA-574873
020 _c120.00
_a9693501551
035 _aA-574873
037 _bDBAD/PUB
_a-
082 _aک
100 _aہر چر ن چا و لہ
245 _aسچ جيسے سپنے
_cہر چر ن چا و لہ
246 _b Such Jase Sapne (Urdu)
_aby Harcharan Chawla
260 _aLahore
_bSang-e-Mail Publications,
_c1992 ء
270 _aChowk Urdu Bazar,
_bLahore(Pakistan)
_e-
_k-
_l-
300 _a280 ص
_c22 Cm(Hb)
942 _2ddc
_cUR
_hک
_mچ ا ؤ